| 000 | 00000nam 2200000zi 4500 |
| 001 | 9.948977 |
| 003 | CaOODSP |
| 005 | 20250821150621 |
| 006 | m o d f |
| 007 | cr mn||||||||| |
| 008 | 250310e20250315onc o f000 0 fre d |
| 020 | |a9780660763316 |
| 040 | |aCaOODSP|bfre|erda|cCaOODSP |
| 043 | |an-cn--- |
| 086 | 1 |aNR24-129/2025F-PDF |
| 100 | 1 |aKinateder, Max T., |eauteur. |
| 245 | 10|aConsultation sur les immeubles résidentiels avec une seule sortie / |cauteurs, Max Kinateder, Noureddine Bénichou, Maxine Berthiaume, Vanessa Jubinville, Ahmed Kashef. |
| 264 | 1|a[Ottawa] : |bConseil national de recherches Canada = National Research Council Canada, |c15 mars 2025. |
| 264 | 4|c©2025 |
| 300 | |a1 ressource en ligne (25 pages) |
| 336 | |atexte|btxt|2rdacontent/fre |
| 337 | |ainformatique|bc|2rdamedia/fre |
| 338 | |aressource en ligne|bcr|2rdacarrier/fre |
| 500 | |aPublié aussi en anglais sous le titre : Consultation on single egress in residential buildings. |
| 500 | |a« Centre de recherche en construction. » |
| 520 | |a« Ce rapport présente un résumé d’une consultation ciblée organisée par le Conseil national de recherches du Canada (CNRC) au sujet de la construction des immeubles résidentiels avec une seule sortie. La consultation a été menée avec un comité consultatif (le comité) formé d'intervenants représentant la chaîne de valeur de la sécurité incendie, dans le cadre d’une série de réunions. Le comité a été divisé en deux sous-groupes avec des représentants provinciaux et territoriaux (PT) dans un sous-groupe et des professionnels de la conception, l'industrie et les services d'incendie dans l'autre. De plus, des observateurs ont été autorisés à assister aux réunions et à formuler des commentaires. Le comité a partagé ses connaissances et son expérience au sujet des immeubles résidentiels avec une seule sortie, a fourni une rétroaction, des conseils et une validation sur les questions suivantes : 1. La portée d'un travail de recherche et d'études de cas subséquents (membres du sous-groupe des PT seulement); 2. Les conceptions de bâtiments possibles (« archétypes ») pour le travail de recherche; 3. L'approche et les méthodes pour orienter la recherche; 4. Les stratégies d'évaluation des dangers et des risques associés aux immeubles résidentiels avec une seule sortie. … » -- Résumé, page 3. |
| 650 | 6|aHabitations|xConstruction|zCanada. |
| 650 | 6|aHabitations|xIncendies et prévention des incendies|zCanada. |
| 650 | 6|aConstructions|xÉvacuation|zCanada. |
| 650 | 6|aConstruction|xDroit|zCanada. |
| 710 | 2 |aConseil national de recherches Canada, |eorganisme de publication. |
| 775 | 08|tConsultation on single egress in residential buildings / |w(CaOODSP)9.948976 |
| 856 | 40|qPDF|s772 Ko|uhttps://publications.gc.ca/collections/collection_2025/cnrc-nrc/NR24-129-2025-fra.pdf |